[Event "Buenos Aires Duchamp op 1st"]
[Site "Buenos Aires"]
[Date "2011.09.21"]
[Round "8"]
[White "Papez, Boris Alejandro"]
[Black "Burgin Drago, Dario Federico"]
[Result "1-0"]
[WhiteElo "2028"]
[BlackElo "1790"]
[PlyCount "36"]
[EventDate "2011.09.12"]
[EventType "swiss"]
[EventRounds "9"]
[EventCountry "ARG"]
[SourceTitle "EXT 2014"]
[Source "ChessBase"]
[SourceDate "2013.11.20"]
[SourceVersion "1"]
[SourceVersionDate "2013.11.20"]
[SourceQuality "1"]

1. e4 c5 2. Nf3 d6 3. d3 Nc6 4. g3 g6 5. Bg2 Bg7 6. 0-0 e6 7. c3 Nge7 8. d4 0-0 9. dxc5 dxc5 10. Qe2 Qc7 11. Bf4 e5 12. Be3 b6 13. Na3 a6 14. Rac1 f5 15. b4 f4 16. Bd2 Bg4 17. bxc5 bxc5 18. Qc4+ Kh8 1-0

[Event "Buenos Aires Duchamp op 1st"]
[Site "Buenos Aires"]
[Date "2011.09.14"]
[Round "3"]
[White "Bulo, Paulo Emanuel"]
[Black "Papez, Boris Alejandro"]
[Result "1/2-1/2"]
[WhiteElo "2209"]
[BlackElo "2028"]
[PlyCount "79"]
[EventDate "2011.09.12"]
[EventType "swiss"]
[EventRounds "9"]
[EventCountry "ARG"]
[SourceTitle "EXT 2014"]
[Source "ChessBase"]
[SourceDate "2013.11.20"]
[SourceVersion "1"]
[SourceVersionDate "2013.11.20"]
[SourceQuality "1"]

1. Nf3 Nf6 2. c4 Nc6 3. d4 e6 4. Nc3 Bb4 5. Qc2 d6 6. Bg5 h6 7. Bd2 0-0 8. 0-0-0 Qe7 9. e3 e5 10. Nd5 Nxd5 11. cxd5 Bxd2+ 12. Qxd2 e4 13. dxc6 exf3 14. gxf3 bxc6 15. Rg1 Qf6 16. Bd3 Be6 17. Bb1 Rab8 18. Rg3 Kh8 19. Rdg1 Rg8 20. e4 a5 21. f4 Rb4 22. e5 dxe5 23. fxe5 Rc4+ 24. Bc2 Qh4 25. Kb1 a4 26. f4 g6 27. b3 Rxc2 28. Kxc2 axb3+ 29. axb3 Ra8 30. Kb2 Qe7 31. Kc3 Ra3 32. Kd3 Bxb3 33. Rc1 Be6+ 34. Ke2 Ra2 35. Rc2 Qh4 36. Rxa2 Qxh2+ 37. Kd1 Qxg3 38. Rb2 Bb3+ 39. Ke2 Bc4+ 40. Kd1 1/2-1/2

[Event "Buenos Aires op CAA"]
[Site "Buenos Aires"]
[Date "2010.05.26"]
[Round "7"]
[White "Cereijo, Nicolas"]
[Black "Papez, Boris Alejandro"]
[Result "1/2-1/2"]
[WhiteElo "2127"]
[BlackElo "2071"]
[PlyCount "60"]
[EventDate "2010.05.06"]
[EventType "swiss"]
[EventRounds "9"]
[EventCountry "ARG"]
[SourceTitle "EXT 2024"]
[Source "ChessBase"]
[SourceDate "2023.10.10"]
[SourceVersion "1"]
[SourceVersionDate "2023.10.10"]
[SourceQuality "1"]

1. e4 c5 2. Nf3 d6 3. d4 cxd4 4. Nxd4 Nf6 5. Nc3 a6 6. Bg5 e6 7. f4 Be7 8. Qf3 Qc7 9. 0-0-0 Nbd7 10. g4 b5 11. Bxf6 gxf6 12. Bg2 Bb7 13. Rhe1 b4 14. Nd5 exd5 15. exd5 Rc8 16. Rd2 Ne5 17. fxe5 fxe5 18. Rde2 Qc4 19. Nf5 Qxa2 20. Nxe7 Kxe7 21. Rxe5+ dxe5 22. Rxe5+ Kd6 23. Qf6+ Kc7 24. Re7+ Kb8 25. Qb6 Qa1+ 26. Kd2 Rxc2+ 27. Kxc2 Rc8+ 28. Kb3 Rc3+ 29. bxc3 Qxc3+ 30. Ka2 Qc2+ 1/2-1/2